Bio a eko-logicky - bez hnojív a pesticídov. Návraty k zdravému a rozumnému poľnohospodárstvu

Pestovanie bylín a liečivých rastlín v ekologicky čistom prostredí Pienin. Na otázky odpovedá konateľka firmy Agrokarpaty s.r.o., Plavnica.

Saved in:
Bibliographic Details
Format: Book Chapter
Language:Slovak
Subjects:
Tags: Add Tag
No Tags, Be the first to tag this record!

MARC

LEADER 00000naa a2200000 4500
001 0200124
005 20231109071112.7
041 0 |a slo 
044 |a SK 
245 1 0 |a Bio a eko-logicky - bez hnojív a pesticídov. Návraty k zdravému a rozumnému poľnohospodárstvu 
520 |a Pestovanie bylín a liečivých rastlín v ekologicky čistom prostredí Pienin. Na otázky odpovedá konateľka firmy Agrokarpaty s.r.o., Plavnica. 
610 2 0 |a zdravie 
610 2 0 |a liečivá 
610 2 0 |a poľnohospodárstvo ekologické 
610 2 0 |a Slovensko